000 00632nam a2200157 a 4500
001 000039992
005 20201002033843.0
008 130802s2010 mx 000 0 spa d
020 _a9786070212291
040 _aDO-SdBNP
_bspa
_cBNPHU
100 1 _aAzuela, Arturo
_966218
245 1 0 _aHistoria y Novela :
_bdiscurso de ingreso a la Academia Mexicana de la Lengua 25 de septiembre de 1986 /
_cArturo Azuela , respuesta de Carlos Montemayor.
260 _aMéxico :
_bDirección General de Publicaciones y Fomento Editorial :
_bAcademia Mexicana de la Lengua,
_c2010.
300 _a80 p. ;
_c18 cm.
700 1 _aMontemayor, Carlos
_933611
999 _c39482
_d39482